Quality control

This book provides fundamental-yet comprehensive-coverage of quality control concepts. Sufficient theory is presented to ensure that readers gain a sound understanding of the basic principles of quality control. The substantial use of probability and statistical techniques is reduced to simple mathe...

Deskribapen osoa

Gorde:
Xehetasun bibliografikoak
Egile nagusia: Besterfield, Dale H.
Formatua: Liburua
Hizkuntza:Vietnamese
Argitaratua: New Jersey Pearson Education 2009
Edizioa:8th ed.
Gaiak:
Etiketak: Etiketa erantsi
Etiketarik gabe, Izan zaitez lehena erregistro honi etiketa jartzen!
Thư viện lưu trữ: Thư viện Trường Đại học Nam Cần Thơ
LEADER 01260nam a22002297a 4500
001 NCT_88130
008 201223b xxu||||| |||| 00| 0 vie d
999 |c 4345  |d 4345 
020 |a 9780135000953 
082 0 4 |2 23rd ed.  |a 658.562  |b B561 
100 1 |a Besterfield, Dale H. 
245 1 0 |a Quality control  |c Dale H. Besterfield 
250 |a 8th ed. 
260 |a New Jersey  |b Pearson Education  |c 2009 
300 |a ix, 540 p.  |c 24cm  |e 1 CD - ROM 
500 |a Includes bibliography and index 
520 3 |a This book provides fundamental-yet comprehensive-coverage of quality control concepts. Sufficient theory is presented to ensure that readers gain a sound understanding of the basic principles of quality control. The substantial use of probability and statistical techniques is reduced to simple mathematics or is developed in the form of tables and charts.  
653 |a Quản trị kinh doanh 
942 |2 ddc  |c BK 
952 |0 0  |1 0  |2 ddc  |4 0  |6 658_562000000000000_B561  |7 0  |9 20951  |a 000001  |b 000001  |d 2020-12-23  |o 658.562 B561  |p MD.18228  |r 2020-12-23  |w 2020-12-23  |y BK 
952 |0 0  |1 0  |2 ddc  |4 0  |6 658_562000000000000_B561  |7 0  |9 20952  |a 000001  |b 000001  |d 2020-12-23  |o 658.562 B561  |p MD.18229  |r 2020-12-23  |w 2020-12-23  |y BK 
980 |a Thư viện Trường Đại học Nam Cần Thơ